| 000 | 01288nac a22003371u 4500 | ||
|---|---|---|---|
| 999 |
_c1511 _d1511 |
||
| 003 | EG-ScBUE | ||
| 005 | 20200928100116.0 | ||
| 008 | 170928t2004 njua f bd 000 0 eng d | ||
| 020 | _a0131136747 | ||
| 020 | _a9780131136748 | ||
| 040 |
_aEG-ScBUE _beng _erda _cEG-ScBUE _dEG-ScBUE |
||
| 082 | 0 | 4 |
_a004.678 _bPAY _222 |
| 100 | 1 |
_aPayton, Melissa, _eauthor. _922303 |
|
| 245 | 1 | 4 |
_aThe Prentice Hall guide to evaluating online resources with research navigator : _pScience / _cMelissa Payton with contributions by Eric Stavney, Michelle A. Priest. |
| 264 | 1 |
_aUpper Saddle, NJ : _bPearson Education, Inc., _c[2004] |
|
| 264 | 4 | _cc2004 | |
| 300 |
_aiv, 64 pages : _billustrations ; _c22 cm |
||
| 336 |
_2rdacontent _atext _btxt |
||
| 337 |
_2rdamedia _aunmediated _bn |
||
| 338 |
_2rdacarrier _avolume _bnc |
||
| 500 | _aIncludes glossary. | ||
| 504 | _aIncludes bibliographical references. | ||
| 650 | 7 |
_aScience _xComputer network resources. _2BUEsh _922304 |
|
| 650 | 7 |
_aComputer network resources _xEvaluation. _2BUEsh _922305 |
|
| 650 | 7 |
_aWeb sites _xEvaluation. _2BUEsh _922306 |
|
| 653 |
_bCOMSCI _cSeptember2017 |
||
| 655 |
_vReading book _934232 |
||
| 700 | 1 |
_aStavney, Eric, _econtributor. _922307 |
|
| 700 | 1 |
_aPriest, Michelle A., _econtributor. _922308 |
|
| 942 |
_cBB _k540P347 _2ddc |
||